[Event "CZE-ch Youth"]
[Site "Teplice"]
[Date "2023.03.15"]
[Round "6"]
[White "Mrkvan, Frantisek"]
[Black "Zednicek, Filip"]
[Result "1/2-1/2"]
[WhiteElo "1727"]
[BlackElo "1885"]
[PlyCount "49"]
[EventDate "2023.03.11"]
[EventType "tourn"]
[EventRounds "9"]
[EventCountry "CZE"]
[SourceTitle "CBM 213 Extra"]
[Source "ChessBase"]
[SourceDate "2023.05.31"]
[SourceVersion "1"]
[SourceVersionDate "2023.05.31"]
[SourceQuality "1"]

1. e4 e5 2. Nf3 Nc6 3. Bc4 Nf6 4. Ng5 d5 5. exd5 Nd4 6. c3 b5 7. Bf1 Nxd5 8. cxd4 Qxg5 9. Bxb5+ Kd8 10. 0-0 Bg4 11. d3 Qg6 12. f3 Bh3 13. Qc2 exd4 14. Kh1 Nb4 15. Qf2 Qxg2+ 16. Qxg2 Bxg2+ 17. Kxg2 Nc2 18. Rf2 Nxa1 19. b3 Rb8 20. Bc4 Bb4 21. Bb2 Re8 22. Bxa1 Re1 23. Rf1 Re2+ 24. Rf2 Re1 25. Rf1 1/2-1/2

[Event "CZE-ch Youth"]
[Site "Teplice"]
[Date "2023.03.13"]
[Round "4"]
[White "Sadil, Antonin"]
[Black "Mrkvan, Frantisek"]
[Result "1/2-1/2"]
[WhiteElo "1683"]
[BlackElo "1727"]
[PlyCount "76"]
[EventDate "2023.03.11"]
[EventType "tourn"]
[EventRounds "9"]
[EventCountry "CZE"]
[SourceTitle "CBM 213 Extra"]
[Source "ChessBase"]
[SourceDate "2023.05.31"]
[SourceVersion "1"]
[SourceVersionDate "2023.05.31"]
[SourceQuality "1"]

1. e4 c6 2. d4 d5 3. exd5 cxd5 4. Bd3 Nc6 5. c3 Nf6 6. h3 e6 7. Nf3 Bd6 8. 0-0 0-0 9. Re1 h6 10. Nbd2 Qc7 11. Qe2 Nd7 12. Nf1 Re8 13. Nh4 Nf6 14. Bb5 a6 15. Bxc6 bxc6 16. Nf3 a5 17. Ne5 Ba6 18. Qf3 Bxe5 19. dxe5 Nd7 20. Qg3 Kh7 21. b3 Nc5 22. Ba3 Ne4 23. Qe3 Bxf1 24. Bd6 Nxd6 25. exd6 Qxd6 26. Kxf1 e5 27. Rad1 Qe6 28. Qc5 f5 29. Rd4 exd4 30. Rxe6 Rxe6 31. cxd4 g5 32. g3 a4 33. bxa4 Rxa4 34. Qc2 Rxd4 35. Qxf5+ Rg6 36. Qd7+ Kg8 37. Qe8+ Kh7 38. Qd7+ Kg8 1/2-1/2

[Event "Teplice City-ch"]
[Site "Teplice"]
[Date "2022.05.06"]
[Round "9"]
[White "Al Dhabbi, Fares"]
[Black "Mrkvan, Frantisek"]
[Result "1-0"]
[WhiteElo "1850"]
[BlackElo "1769"]
[PlyCount "61"]
[EventDate "2022.04.05"]
[EventType "tourn"]
[EventRounds "13"]
[EventCountry "CZE"]
[SourceTitle "EXT 2023"]
[Source "ChessBase"]
[SourceDate "2022.10.05"]
[SourceVersion "1"]
[SourceVersionDate "2022.10.05"]
[SourceQuality "1"]

1. e4 c5 2. Nf3 e6 3. d4 cxd4 4. Nxd4 Nf6 5. Bd3 Nc6 6. Nb3 Be7 7. 0-0 0-0 8. f4 e5 9. Nc3 Qb6+ 10. Kh1 Rd8 11. Nd5 Nxd5 12. exd5 Nb4 13. fxe5 d6 14. Bxh7+ Kxh7 15. Qh5+ Kg8 16. Qxf7+ Kh8 17. Qxe7 Nxd5 18. Rf8+ Rxf8 19. Qxf8+ Kh7 20. exd6 Qc6 21. Nd4 Qc4 22. Qf2 Qc5 23. Bf4 Bd7 24. Rd1 Rf8 25. Qh4+ Kg8 26. Be5 Qc4 27. h3 Nf6 28. Qg3 Bc6 29. Nxc6 bxc6 30. Bxf6 Rxf6 31. d7 1-0

[Event "CZE-ch U16"]
[Site "Herlikovice"]
[Date "2021.10.29"]
[Round "8"]
[White "Komora, Matej"]
[Black "Mrkvan, Frantisek"]
[Result "1-0"]
[WhiteElo "1373"]
[BlackElo "1564"]
[PlyCount "133"]
[EventDate "2021.10.23"]
[EventType "swiss"]
[EventRounds "9"]
[EventCountry "CZE"]
[SourceTitle "EXT 2023"]
[Source "ChessBase"]
[SourceDate "2022.10.05"]
[SourceVersion "1"]
[SourceVersionDate "2022.10.05"]
[SourceQuality "1"]

1. e4 c6 2. d4 d5 3. exd5 cxd5 4. c4 Nf6 5. Nc3 e6 6. cxd5 Nxd5 7. Nf3 Nc6 8. Bc4 Nb6 9. Bb3 Bd6 10. 0-0 0-0 11. Re1 Bd7 12. Bg5 Qb8 13. Ne4 Bc7 14. Nc5 Na5 15. Rc1 Nxb3 16. Qxb3 Bc6 17. Ne5 h6 18. Bh4 Bd5 19. Qh3 Re8 20. Qg4 Bxe5 21. dxe5 Kh8 22. Rc3 Rg8 23. Qh5 Qf8 24. Nd3 g5 25. Bg3 Qg7 26. Rc7 Rgf8 27. Nb4 Bc6 28. Nxc6 bxc6 29. Rc1 Na4 30. R1xc6 Nxb2 31. Rxe6 Kh7 32. Ree7 Rac8 33. h3 Rxc7 34. Rxc7 Nd3 35. e6 Qa1+ 36. Kh2 Qf6 37. Qe2 Nf4 38. Qe4+ Kg8 39. exf7+ Rxf7 40. Qa8+ Rf8 41. Qxa7 Nh5 42. a4 Nxg3 43. fxg3 g4 44. hxg4 Qg5 45. Qc5 Qxg4 46. Qc4+ Qxc4 47. Rxc4 Ra8 48. Kh3 Ra5 49. Kg4 Kf7 50. Kf4 Kf6 51. Ke4 Rg5 52. Kf4 Ra5 53. g4 Kg6 54. g3 Kf6 55. Kf3 Kg6 56. Rf4 h5 57. gxh5+ Kxh5 58. Rh4+ Kg6 59. Rf4 Kh5 60. Rb4 Kg6 61. g4 Kf6 62. Rf4+ Kg6 63. Ke3 Ra8 64. Kd3 Kg5 65. Rc4 Rd8+ 66. Kc3 Rb8 67. a5 1-0

[Event "CZE-ch U16"]
[Site "Herlikovice"]
[Date "2021.10.28"]
[Round "7"]
[White "Mrkvan, Frantisek"]
[Black "Janous, Marek"]
[Result "0-1"]
[WhiteElo "1564"]
[BlackElo "1955"]
[PlyCount "128"]
[EventDate "2021.10.23"]
[EventType "swiss"]
[EventRounds "9"]
[EventCountry "CZE"]
[SourceTitle "EXT 2023"]
[Source "ChessBase"]
[SourceDate "2022.10.05"]
[SourceVersion "1"]
[SourceVersionDate "2022.10.05"]
[SourceQuality "1"]

1. e4 c5 2. c3 Nf6 3. e5 Nd5 4. Nf3 e6 5. d4 cxd4 6. cxd4 b6 7. Nc3 Nxc3 8. bxc3 Qc7 9. Bd2 Be7 10. Bd3 Ba6 11. Bxa6 Nxa6 12. 0-0 Nb8 13. Rc1 0-0 14. c4 d6 15. Bf4 Nc6 16. Re1 Rfd8 17. d5 dxe5 18. Nxe5 Nxe5 19. Bxe5 Bd6 20. Bxd6 Rxd6 21. Qf3 exd5 22. cxd5 Qd7 23. Red1 Rd8 24. Rd2 h6 25. Rcd1 Qb5 26. h3 Qc4 27. a3 b5 28. Rd4 Qc5 29. Qb3 a5 30. Kf1 Rf6 31. Kg1 Rdd6 32. a4 b4 33. Kf1 Rf5 34. Kg1 h5 35. h4 Qc7 36. Rc4 Qd7 37. Rc5 Qe7 38. Qd3 g6 39. Rxa5 Qxh4 40. g3 Qf6 41. Qe3 Kg7 42. Rb5 h4 43. Rxb4 hxg3 44. fxg3 Rf3 45. Qe1 Qg5 46. g4 Re3 47. Qf2 Re5 48. Rf4 f5 49. Qd4 Rdxd5 50. Qa7+ Re7 51. Qxe7+ Qxe7 52. Rxd5 Qe3+ 53. Rf2 Qe1+ 54. Rf1 Qg3+ 55. Kh1 Qh3+ 56. Kg1 Qxg4+ 57. Kh2 Qxa4 58. Rfd1 Qh4+ 59. Kg2 Qg4+ 60. Kh2 f4 61. R5d3 f3 62. R3d2 Qh4+ 63. Kg1 Qg3+ 64. Kf1 Kh6 0-1

[Event "CZE-ch U16"]
[Site "Herlikovice"]
[Date "2021.10.26"]
[Round "4"]
[White "Seidl, Jan2222"]
[Black "Mrkvan, Frantisek"]
[Result "1/2-1/2"]
[WhiteElo "1764"]
[BlackElo "1564"]
[PlyCount "61"]
[EventDate "2021.10.23"]
[EventType "swiss"]
[EventRounds "9"]
[EventCountry "CZE"]
[SourceTitle "EXT 2023"]
[Source "ChessBase"]
[SourceDate "2022.10.05"]
[SourceVersion "1"]
[SourceVersionDate "2022.10.05"]
[SourceQuality "1"]

1. d4 Nf6 2. c4 g6 3. Nc3 Bg7 4. e4 d6 5. h3 e5 6. dxe5 dxe5 7. Qxd8+ Kxd8 8. Bg5 c6 9. Nf3 Re8 10. 0-0-0+ Kc7 11. Be2 Na6 12. Rhe1 Nc5 13. Bf1 a5 14. Kc2 Bd7 15. b3 Rad8 16. a3 Bc8 17. Rxd8 Kxd8 18. b4 axb4 19. axb4 Ne6 20. Be3 Nd7 21. Rd1 Kc7 22. Na4 f5 23. Bd3 fxe4 24. Bxe4 Nf6 25. Bb6+ Kb8 26. Nc3 Nf4 27. Rg1 Nxe4 28. Nxe4 Bf5 29. Nfd2 Ne2 30. Re1 Nf4 31. Rg1 1/2-1/2